| 000 | 01260cad a22002175a 4500 | ||
|---|---|---|---|
| 001 | L144386 | ||
| 008 | 110419s2008 xxk f 000 0 eng d | ||
| 035 | _a(Sirsi) u144386 | ||
| 041 | 0 | _aeng | |
| 050 | 0 | 4 | _a657.3 $2 18 |
| 110 | 2 |
_aAssociation of British Insurers _93272 |
|
| 245 | 0 | 0 |
_aRevised statement of principles on the provision of flood insurance _h[electronic resource] |
| 260 |
_aLondon _bAssociation of British Insurers _c2008 |
||
| 520 | _aDocument sets out long-term plans produced by Government and the insurance industry to allow for the future provision of flood insurance. The commitment to provision of flood insurance is valid until 30 June 2013 and does not cover new properties built after 1 January 2009 - the Association of British Insurers intends to publish guidance on insuring new build developments in Autumn 2008. The commitment set out allows for annual review during the intervening period. | ||
| 521 | _aAdvanced | ||
| 590 | _aKA NTK | ||
| 651 | 4 |
_aUnited Kingdom _y |
|
| 690 | _aMANAGEMENT-BUSINESS MANAGEMENT-INSURANCE | ||
| 856 | 4 | 0 |
_uhttps://www.abi.org.uk/Publications/Revised_Statement_of_Principles_on_the_Provision_of_Flood_Insurance1.aspx _zView the document free of charge online at www.abi.org.uk |
| 942 | _n0 | ||
| 999 |
_c108487 _d108487 |
||